| 000 | 00738cab a2200265 4500 | ||
|---|---|---|---|
| 001 | ABS56773 | ||
| 008 | 090401t1997 xxu||||| |||| 00| 0 eng d | ||
| 035 | _a(Sirsi) u77359 | ||
| 041 | _aeng | ||
| 100 | _aWard, C. | ||
| 245 | _aSquatter`s rights | ||
| 260 | _c1997 | ||
| 350 | _a0 | ||
| 490 |
_aValuer (ISVA) _v66(2) March/April 1997, 23(1) |
||
| 520 | _aLooks at the different options open to a property owner faced with squatters in their property. | ||
| 650 | _aCRIMINAL LAW ACT 1977 | ||
| 650 | _aDISPOSSESSED RESIDENTIAL OCCUPIER | ||
| 650 | _aLIMITATION ACT 1980 | ||
| 650 | _aOWNERS | ||
| 650 | _aPOSSESSION | ||
| 650 | _aSQUATTERS | ||
| 690 | _aPROPERTY LAW AND PRACTICE | ||
| 942 | _n0 | ||
| 948 | _c25/03/1997 | ||
| 999 |
_c48636 _d48636 |
||